Բնական պատմութիւն զոր, յօրինեալէ աշակերտաց մեծի հօրն Մխիթարայ. (Record no. 223689)
[ view plain ]
| 000 -LEADER | |
|---|---|
| fixed length control field | 00910nam a2200229 u 4500 |
| 001 - CONTROL NUMBER | |
| control field | 000567223 |
| 003 - CONTROL NUMBER IDENTIFIER | |
| control field | AM-YeHGA |
| 005 - DATE AND TIME OF LATEST TRANSACTION | |
| control field | 20250618073320.0 |
| 008 - FIXED-LENGTH DATA ELEMENTS--GENERAL INFORMATION | |
| fixed length control field | 080214s1842 ||| r 000 0 arm d |
| 040 ## - CATALOGING SOURCE | |
| Original cataloging agency | AM-YeHGA |
| 090 ## - LOCALLY ASSIGNED LC-TYPE CALL NUMBER (OCLC); LOCAL CALL NUMBER (RLIN) | |
| -- | 225224 |
| 245 00 - TITLE STATEMENT | |
| Title | Բնական պատմութիւն զոր, յօրինեալէ աշակերտաց մեծի հօրն Մխիթարայ. |
| 260 ## - PUBLICATION, DISTRIBUTION, ETC. | |
| Place of publication, distribution, etc. | Վիէննա : |
| Name of publisher, distributor, etc. | Ս. Աստուածածնի, |
| Date of publication, distribution, etc. | 1842. |
| 300 ## - PHYSICAL DESCRIPTION | |
| Extent | Հ. ; |
| Dimensions | 18 սմ. |
| 500 ## - GENERAL NOTE | |
| General note | Եւ ի ծախիւք ազնուական ուրումն բարերարի դրաշմեալ։ |
| 500 ## - GENERAL NOTE | |
| General note | Շարվ. 7,7x14,7 սմ |
| 505 10 - FORMATTED CONTENTS NOTE | |
| Miscellaneous information | Հ. Ա (1842, 330 էջ) |
| -- | Հ. Բ (1844, 260+37 էջ) |
| 546 ## - LANGUAGE NOTE | |
| Language note | Գրաբար |
| 650 14 - SUBJECT ADDED ENTRY--TOPICAL TERM | |
| Topical term or geographic name entry element | Կենդանաբանություն |
| 9 (RLIN) | 5185 |
| 856 41 - ELECTRONIC LOCATION AND ACCESS | |
| Uniform Resource Identifier | <a href="http://greenstone.flib.sci.am/gsdl/collect/armbook/books/bnakan_patmutiin_h1.pdf">http://greenstone.flib.sci.am/gsdl/collect/armbook/books/bnakan_patmutiin_h1.pdf</a> |
| Link text | Կարդալ առցանց |
| 942 ## - ADDED ENTRY ELEMENTS (KOHA) | |
| Source of classification or shelving scheme | Universal Decimal Classification |
| Koha item type | Գրքեր / Books |
| Withdrawn status | Lost status | Source of classification or shelving scheme | Damaged status | Not for loan | Collection | Home library | Current library | Date acquired | Total checkouts | Full call number | Barcode | Date last seen | Price effective from | Koha item type | Public note |
|---|---|---|---|---|---|---|---|---|---|---|---|---|---|---|---|
| Universal Decimal Classification | Rare Books Collection | Fundamental Scientific Library | Fundamental Scientific Library | 28/12/2016 | A/607 | FL0032073 | 28/12/2016 | 28/12/2016 | Գրքեր / Books | ILL Non-Circ. |
ՀՀ Գիտությունների ազգային ակադեմիայի հիմնարար գիտական գրադարան = Fundamental Scientific Library of NAS RA
All site content, except where otherwise noted, is licensed under a